000 00716nam a22002417a 4500
001 30778
003 UA-OsUOA
005 20210917135639.0
007 ta
008 20041115b un ||||| |||| 00| 0 ukr d
040 _aUA-OsUOA
_brus
_cUA-OsUOA
_dUA-OsUOA
041 _arus
044 _aRU
080 _a821.161.1(091)
090 _a821.161.1(091)
_bИ90
245 _aИстория русской литературы
_cред. А. С. Орлов, В. П. Адрианова-Перетц
_nч. 1
260 _aМосква
_bИздательство академии наук СССР
_c1946
300 _a532 с.
_bІлюстрації
505 _gт. 2
650 7 _2UDC
942 _cBK
_2udc
955 _a0
999 _c317193
_d317193